书目信息 |
| 题名: |
为前贤行役
|
|
| 作者: | 何朝晖 编 | |
| 分册: | ||
| 出版信息: | 济南 山东友谊出版社 2024.10 |
|
| 页数: | 540页 | |
| 开本: | 26cm | |
| 丛书名: | ||
| 单 册: | ||
| 中图分类: | K825.42=75 | |
| 科图分类: | ||
| 主题词: | ||
| 电子资源: | ||
| ISBN: | 978-7-5516-3272-0 | |
| 000 | 01125nam0 2200229 450 | |
| 001 | 013275838 | |
| 005 | 20251022203111.59 | |
| 010 | @a978-7-5516-3272-0@b精装@dCNY188.00 | |
| 100 | @a20241130d2024 em y0chiy0120 ea | |
| 101 | 0 | @achi |
| 102 | @aCN@b370000 | |
| 105 | @aa z 010yd | |
| 106 | @ar | |
| 200 | 1 | @a为前贤行役@9wei qian xian xing yi@e顾廷龙诞辰120周年纪念文集@f何朝晖编 |
| 210 | @a济南@c山东友谊出版社@d2024.10 | |
| 215 | @a540页@c图@d26cm | |
| 330 | @a本书拟分为交游篇、事业篇、著述篇三部分。交游篇汇集顾廷龙与诸多著名学者、文化名人交往的事迹;事功篇研究顾廷龙在燕京大学图书馆、合众图书馆、上海图书馆工作的经历和成就;著述篇围绕顾廷龙的《章氏四当斋藏书目》《明代版本图录初编》《尚书文字合编》《合众图书馆丛书》《中国丛书综录》《中国古籍善本书目》《续修四库全书》等著作展开研讨。本书是对近年来学界对顾廷龙先生生平与学术研究成果的回顾与总结,既梳理了顾先生与学者们交游及其事功中所反映的顾氏学术思想,揭示其学术成就。 | |
| 600 | 0 | @a顾廷龙@f(1904-1998)@j纪念文集 |
| 690 | @aK825.42=75@v5 | |
| 701 | 0 | @a何朝晖@9he zhao hui@4编 |
| 801 | 0 | @aCN@c20250910 |
| 905 | @a河南城建学院图书馆@dK825.42@eG513@ZG513@f1 | |
| 为前贤行役:顾廷龙诞辰120周年纪念文集/何朝晖编.-济南:山东友谊出版社,2024.10 |
| 540页:图;26cm |
| ISBN 978-7-5516-3272-0(精装):CNY188.00 |
| 本书拟分为交游篇、事业篇、著述篇三部分。交游篇汇集顾廷龙与诸多著名学者、文化名人交往的事迹;事功篇研究顾廷龙在燕京大学图书馆、合众图书馆、上海图书馆工作的经历和成就;著述篇围绕顾廷龙的《章氏四当斋藏书目》《明代版本图录初编》《尚书文字合编》《合众图书馆丛书》《中国丛书综录》《中国古籍善本书目》《续修四库全书》等著作展开研讨。本书是对近年来学界对顾廷龙先生生平与学术研究成果的回顾与总结,既梳理了顾先生与学者们交游及其事功中所反映的顾氏学术思想,揭示其学术成就。 |
| ● |
| 相关链接 |
|
|
|
正题名:为前贤行役
索取号:K825.42/G513
 
预约/预借
| 序号 | 登录号 | 条形码 | 馆藏地/架位号 | 状态 | 备注 |
| 1 | 1634429 | 216344294 | 社科库309/309社科库 50排3列2层/ [索取号:K825.42/G513] | 在馆 |